Catálogo
 En Linea

La importancia de llamarse Ernesto / (Registro nro. 37102)

Detalles MARC
000 -CABECERA
campo de control de longitud fija 00444nam a2200157 a 4500
001 - NÚMERO DE CONTROL
campo de control 000037612
005 - FECHA Y HORA DE LA ÚLTIMA TRANSACCIÓN
campo de control 20200930080452.0
008 - DATOS DE LONGITUD FIJA--INFORMACIÓN GENERAL
campo de control de longitud fija 121008s2011 mx 000 0 spa d
020 ## - NÚMERO INTERNACIONAL ESTÁNDAR DEL LIBRO
Número Internacional Estándar del Libro 9685146829
040 ## - FUENTE DE LA CATALOGACIÓN
Centro catalogador/agencia de origen DO-SdBNP
Lengua de catalogación spa
Centro/agencia transcriptor BNPHU
082 ## - NÚMERO DE LA CLASIFICACIÓN DECIMAL DEWEY
Número de clasificación xxxx
Número de documento/Ítem xxxx
100 1# - ENTRADA PRINCIPAL--NOMBRE DE PERSONA
Nombre de persona Wilde, Óscar,
Fechas asociadas al nombre 1854-1900
9 (RLIN) 12822
245 13 - MENCIÓN DE TÍTULO
Título La importancia de llamarse Ernesto /
Mención de responsabilidad, etc. Óscar Wilde.
260 ## - PUBLICACIÓN, DISTRIBUCIÓN, ETC.
Lugar de publicación, distribución, etc. México, :
Nombre del editor, distribuidor, etc. Leyenda,
Fecha de publicación, distribución, etc. 2011.
300 ## - DESCRIPCIÓN FÍSICA
Extensión 168 p. ;
Dimensiones 21 cm.
Existencias
Estado de retiro Estado de pérdida Restricciones de uso No para préstamo Código de colección Localización permanente Ubicación/localización actual Ubicación en estantería Fecha de adquisición Número de inventario Total de préstamos Signatura topográfica completa Código de barras Fecha visto por última vez Precio válido a partir de Tipo de ítem Koha Número de copia
      Excluido de préstamo Monografías: Libros y Folletos General General Depósito 08.10.2012 LF1   xxxx xxxx 37612-10 25.06.2020 25.06.2020 No se presta  
      Excluido de préstamo Monografías: Libros y Folletos General General En catalogación 08.10.2012 LF1   xxxx xxxx 37612-20 25.06.2020 25.06.2020 No se presta e. 2
        Monografías: Libros y Folletos General General En catalogación 08.10.2012 LF1   xxxx xxxx 37612-30 25.06.2020 25.06.2020 Préstamo en sala e. 3

Con tecnología Koha